films par départements français #3 - Statistiques

Statistiques générales
  • Ce quiz a été pris 19 fois
  • Le résultat moyen est 7 sur 20
Statistiques - réponses
Hint Réponse % Correct
Var Le Gendarme de Saint Tropez (1964)
84%
Charente Maritime Les Demoiselles de Rochefort (1967)
79%
Calvados Hôtel Normandy (2013)
74%
Vienne Braquer Poitiers (2019)
58%
Vosges La Dame de Vittel (1937)
53%
Hautes Pyrénées Bernadette (1988)
42%
Bouches du Rhône Borsalino (1970)
42%
Côtes d'Armor Le Voyage à Paimpol (1985)
42%
Seine Saint Denis Le Plus Beau Métier du Monde (1996)
37%
Tarn et Garonne Le Vieux Fusil (1975)
32%
Sarthe Michel Vaillant (2003)
32%
Vendée Du côté d'Orouët (1971)
21%
La Réunion La Sirène du Mississipi (1969)
21%
Doubs Monsieur Batignole (2002)
21%
Côte d'Or Ce qui nous lie (2017)
16%
Orne Moi, Pierre Rivière, ayant égorgé ma mère, ma sœur et mon frère…(1976)
16%
Savoie La Femme de mon pote (1983)
11%
Creuse Tout est bon dans le cochon (2012)
11%
Loiret Police Python 357 (1976)
5%
Seine-Maritime Témoins (2011)
5%
Aucun quiz correspondant
Distribution des résultats
% des personnes avec chaque résultat
Percentile par nombre de réponses
Votre historique - résultats
Vous n’avez pas pris ce quiz